Turismus v městských destinacích zasažených terorismem malého rozsahu

Odhaľovanie, či a akým spôsobom sa menia reakcie turistov voči destináciám, zasiahnutých terorizmom malého rozsahu.

Gespeichert in:
Bibliographische Detailangaben
1. Verfasser: Krajňák, Tomáš
Weitere Verfasser: Vágner, Jiří, Krajňáková, Lenka
Format: Buchkapitel
Sprache:Tschechisch
Schlagworte:
Tags: Tag hinzufügen
Keine Tags, Fügen Sie das erste Tag hinzu!

MARC

LEADER 00000naa a2200000 4500
001 0304592
005 20241014140100.8
041 0 |a cze 
044 |a CZ 
245 1 0 |a Turismus v městských destinacích zasažených terorismem malého rozsahu 
520 |a Odhaľovanie, či a akým spôsobom sa menia reakcie turistov voči destináciám, zasiahnutých terorizmom malého rozsahu. 
610 2 0 |a bezpečnosť 
610 2 0 |a mestá 
610 2 0 |a Nemecko 
610 2 0 |a dopyt 
610 2 0 |a ruch cestovný 
610 2 0 |a riziko 
610 2 0 |a terorizmus 
610 2 0 |a správanie 
100 1 |a Krajňák, Tomáš 
700 1 |a Vágner, Jiří 
700 1 |a Krajňáková, Lenka